AH International Schools' Libraries

Queen of the North / (Record no. 49270)

MARC details
000 -LEADER
fixed length control field 01086nam a2200157 4500
020 ## - INTERNATIONAL STANDARD BOOK NUMBER
International Standard Book Number 9780008225414
100 ## - MAIN ENTRY--PERSONAL NAME
Personal name O'Brien, Anne.
9 (RLIN) 86524
245 ## - TITLE STATEMENT
Title Queen of the North /
Statement of responsibility, etc Anne O'Brien.
260 ## - PUBLICATION, DISTRIBUTION, ETC. (IMPRINT)
Place of publication, distribution, etc London:
Name of publisher, distributor, etc HQ;
Date of publication, distribution, etc 2018.
300 ## - PHYSICAL DESCRIPTION
Extent 469 p.
Dimensions 24 cm.
520 ## - SUMMARY, ETC.
Summary, etc 1399: England's crown is under threat. King Richard II holds onto his power by an ever-weakening thread, with exiled Henry of Lancaster back to reclaim his place on the throne. For Elizabeth Mortimer, great-granddaughter of Edward III and wife to Sir Harry Hotspur, there is only one rightful King - her eight-year-old nephew, Edmund. Only he can guarantee her fortunes, and protect her family's rule over the precious Northern lands bordering Scotland. To question her loyalty to the King places Elizabeth in the shadow of the axe. To concede would curdle her Plantagenet blood.
650 ## - SUBJECT ADDED ENTRY--TOPICAL TERM
Topical term or geographic name as entry element 1399-1413 Biographical Fiction. Great Britain History Henry IV, 1399-1413.
9 (RLIN) 86525
651 ## - SUBJECT ADDED ENTRY--GEOGRAPHIC NAME
Source of heading or term Kings and rulers. Percy, Elizabeth, 1371-1444.
Form subdivision Fiction.
9 (RLIN) 76105
655 ## - INDEX TERM--GENRE/FORM
Genre/form data or focus term Historical Fiction.
942 ## - ADDED ENTRY ELEMENTS (KOHA)
Source of classification or shelving scheme
Koha item type YA FIC BOOKS
Holdings
Withdrawn status Lost status Source of classification or shelving scheme Damaged status Not for loan Collection code Home library Current library Shelving location Date acquired Full call number Barcode Date last seen Price effective from Koha item type
          SECONDARY Asian Hope Secondary Library Asian Hope Secondary Library SECONDARY 08/13/2025 YA FIC OBR 208299 01/16/2026 08/13/2025 YA FIC BOOKS

For any Logos Library related questions please contact Miss Art at swongnarasuk@asianhope.org.

For any Asian Hope Library related questions please contact Miss Raza at graza@asianhope.org.

Powered by Koha